LEADER 04301nam 2201093Ia 450 001 9910789000603321 005 20230207215404.0 010 $a1-282-77230-9 010 $a9786612772306 010 $a0-520-94128-4 024 7 $a10.1525/9780520941281 035 $a(CKB)3390000000006983 035 $a(EBL)837211 035 $a(OCoLC)733997345 035 $a(SSID)ssj0000434464 035 $a(PQKBManifestationID)11276848 035 $a(PQKBTitleCode)TC0000434464 035 $a(PQKBWorkID)10402555 035 $a(PQKB)10660465 035 $a(MiAaPQ)EBC837211 035 $a(MdBmJHUP)muse30609 035 $a(DE-B1597)520319 035 $a(DE-B1597)9780520941281 035 $a(Au-PeEL)EBL837211 035 $a(CaPaEBR)ebr10675712 035 $a(CaONFJC)MIL277230 035 $a(dli)HEB08038 035 $a(MiU)MIU01000000000000009826705 035 $a(EXLCZ)993390000000006983 100 $a20070507d2008 ub 0 101 0 $aeng 135 $aurnn#---|u||u 181 $ctxt 182 $cc 183 $acr 200 10$aCinema and fascism$b[electronic resource] $eItalian film and society, 1922-1943 /$fSteven Ricci 210 $aBerkeley $cUniversity of California Press$dc2008 215 $a1 online resource (249 p.) 300 $aDescription based upon print version of record. 311 0 $a0-520-25355-8 311 0 $a0-520-25356-6 320 $aIncludes bibliographical references (p. 207-217) and index. 327 $tFront matter --$tContents --$tIllustrations --$tPreface --$tIntroduction --$t1. Amnesia and Historical Memory --$t2. The Political Economy of Italian Cinema, 1922-1943 --$t3. Leisure Time, Historiography, and Spectatorship --$t4. Italy and America: Fascination and (Re)Negotiation --$t5. The Fascist Codex --$tNotes --$tSelected Bibliography --$tIndex 330 $aThis study considers Italian filmmaking during the Fascist era and offers an original and revealing approach to the interwar years. Steven Ricci directly confronts a long-standing dilemma faced by cultural historians: while made during a period of totalitarian government, these films are neither propagandistic nor openly "Fascist." Instead, the Italian Fascist regime attempted to build ideological consensus by erasing markers of class and regional difference and by circulating terms for an imaginary national identity. Cinema and Fascism investigates the complex relationship between the totalitarian regime and Italian cinema. It looks at the films themselves, the industry, and the role of cinema in daily life, and offers new insights into this important but neglected period in cinema history. 606 $aMotion pictures$zItaly$xHistory 606 $aFascism and motion pictures$zItaly$xHistory 606 $aMotion pictures$xSocial aspects$zItaly 610 $aanti fascism. 610 $aclass differences. 610 $acultural studies. 610 $afascism. 610 $afascist era. 610 $afascist sports. 610 $afilm history. 610 $afilm industry. 610 $afilm studies. 610 $ahistorical memory. 610 $ahistoriography. 610 $ahollywood. 610 $aideology. 610 $aindustrialization. 610 $ainterwar years. 610 $aitalian cinema. 610 $aitalian fascist regime. 610 $aitalian film history. 610 $aitalian film. 610 $aitalian filmmaking. 610 $aitaly. 610 $aleisure time. 610 $amovie studies. 610 $amussolini. 610 $anational body. 610 $anational identity. 610 $aneorealism. 610 $apolitical. 610 $apolitics. 610 $apropaganda. 610 $areadership. 610 $aregional differences. 610 $aspectatorship. 610 $atotalitarian government. 615 0$aMotion pictures$xHistory. 615 0$aFascism and motion pictures$xHistory. 615 0$aMotion pictures$xSocial aspects 676 $a791.43/094509041 686 $a24.32$2bcl 700 $aRicci$b Steven$0618081 801 0$bMiAaPQ 801 1$bMiAaPQ 801 2$bMiAaPQ 906 $aBOOK 912 $a9910789000603321 996 $aCinema and fascism$91683562 997 $aUNINA LEADER 01172nam 2200433 450 001 9910796320903321 005 20200520144314.0 035 $a(CKB)3840000000174732 035 $a(MiAaPQ)EBC3214848 035 $a(MiAaPQ)EBC7026116 035 $a(Au-PeEL)EBL3214848 035 $a(CaPaEBR)ebr10751512 035 $a(OCoLC)899043252 035 $a(EXLCZ)993840000000174732 100 $a20131104d2013 uy 0 101 0 $aspa 135 $aurcnu|||||||| 181 $2rdacontent 182 $2rdamedia 183 $2rdacarrier 200 13$aEl documental expandido $epantalla y espacio /$fJacobo Sucari 210 1$aBarcelona :$cEditorial UOC,$d2013. 215 $a1 online resource 300 $aContiene indice. 311 $a84-9029-997-8 320 $aContiene bibliografia. 606 $aDocumentales 606 $aDocumentary films 615 4$aDocumentales. 615 0$aDocumentary films. 676 $a959.8 700 $aSucari$b Jacobo$01582231 801 0$bMiAaPQ 801 1$bMiAaPQ 801 2$bMiAaPQ 906 $aBOOK 912 $a9910796320903321 996 $aEl documental expandido$93864431 997 $aUNINA